Anatomía : (Registro nro. 21639)
[ vista simple ]
| 000 -LEADER | |
|---|---|
| fixed length control field | 01241nam a2200325 4500 |
| 001 - CONTROL NUMBER | |
| control field | 0000012544 |
| 003 - CONTROL NUMBER IDENTIFIER | |
| control field | CO-CtgCURN |
| 005 - DATE AND TIME OF LATEST TRANSACTION | |
| control field | 20260410181910.0 |
| 007 - PHYSICAL DESCRIPTION FIXED FIELD--GENERAL INFORMATION | |
| fixed length control field | ta |
| 008 - FIXED-LENGTH DATA ELEMENTS--GENERAL INFORMATION | |
| fixed length control field | 160627s1981 000 0 eng d |
| 020 ## - INTERNATIONAL STANDARD BOOK NUMBER | |
| International Standard Book Number | 8434515164 |
| 040 ## - CATALOGING SOURCE | |
| Original cataloging agency | CO-CtgCURN |
| Language of cataloging | spa |
| Transcribing agency | coctgcurn |
| 082 0# - DEWEY DECIMAL CLASSIFICATION NUMBER | |
| Classification number | 611.9 |
| Item number | G17 |
| 100 1# - MAIN ENTRY--PERSONAL NAME | |
| Personal name | Gardner, Ernest. |
| 245 10 - TITLE STATEMENT | |
| Title | Anatomía : |
| Remainder of title | estudio por regiones del cuerpo humano / |
| Statement of responsibility, etc. | Ernest Gardner , Ronald J. Gray, Ronan ORahilly. |
| 250 ## - EDITION STATEMENT | |
| Edition statement | 3a ed. |
| 260 ## - PUBLICATION, DISTRIBUTION, ETC. | |
| Place of publication, distribution, etc. | Madrid : |
| Name of publisher, distributor, etc. | Salvat Editores, |
| Date of publication, distribution, etc. | 1981. |
| 300 ## - PHYSICAL DESCRIPTION | |
| Extent | 938 p. |
| 336 ## - CONTENT TYPE | |
| Source | rdacontent |
| 337 ## - MEDIA TYPE | |
| Source | rdamedia |
| Media type term | sin mediacion |
| Media type code | n |
| 338 ## - CARRIER TYPE | |
| Source | rdacarrier |
| Carrier type term | volumen |
| Carrier type code | nc |
| 500 ## - GENERAL NOTE | |
| General note | Incluye indice Alfabetico de Materia. |
| 505 8# - FORMATTED CONTENTS NOTE | |
| Formatted contents note | Sistema nervioso.--Torax.--Corazon.--Dorso.--Cabeza.--Cuello.--Pelvis.--Abdomen.--Faringe.--Laringe.--Oido.--Ojo.--Nariz.--Pleura.--Pulmones.--Miembro superior.--Miembro inferior.--Pierna.--Tobillo.--Esqueleto.--Visceras.--Articulaciones.--Mano.--Rodilla |
| 590 ## - LOCAL NOTE (RLIN) | |
| Local note | Anatomía (Odontología) |
| 650 14 - SUBJECT ADDED ENTRY--TOPICAL TERM | |
| Topical term or geographic name entry element | Anatomía clinica. |
| 700 1# - ADDED ENTRY--PERSONAL NAME | |
| Personal name | Gray, Donald J. Orahilly, Ronan. |
| 908 ## - PUT COMMAND PARAMETER (RLIN) | |
| Put command parameter | 160627 |
| 942 ## - ADDED ENTRY ELEMENTS (KOHA) | |
| Koha item type | Libros |
| Classification part | 611.9 |
| Item part | G17 |
| Source of classification or shelving scheme | Dewey Decimal Classification |
| Withdrawn status | Lost status | Source of classification or shelving scheme | Damaged status | Not for loan | Collection | Home library | Current library | Shelving location | Date acquired | Inventory number | Total checkouts | Full call number | Barcode | Date last seen | Price effective from | Koha item type | Public note |
|---|---|---|---|---|---|---|---|---|---|---|---|---|---|---|---|---|---|
| Dewey Decimal Classification | General | Miguel Henríquez Emiliani | Miguel Henríquez Emiliani | General | 03/29/2025 | 008253 | 611.9 G17 | 008253 | 03/29/2025 | 03/29/2025 | Libros | 610-CIENME |